00657cam a22002171 4500001001300000003000400013005001700017008004100034010001700075035002000092040001800112042001200130050001600142110004800158245007200206260003400278300001800312505005900330651003300389999001700422z 01000027 DLC20260227112812.0850509m18989999pe b 000 0 spa  az 01000027  a(OCoLC)12016857 aDLCcCLUdDLC apremarc00aZ6009b.L742 aSociedad Geográfica de Lima.bBiblioteca.10aCatálogo de la biblioteca de la Sociedad geográfica de Lima ... aLima,bL.H. Jiménezc[1898- a v.c27 cm.1 aI. sección. Obras de la Sociedad geográfica. 1898- 0aSouth AmericavBibliography. c92408d92408